| 000 -LEADER |
| fixed length control field |
00698nam a22002177a 4500 |
| 001 - CONTROL NUMBER |
| control field |
68 |
| 003 - CONTROL NUMBER IDENTIFIER |
| control field |
BD-DhUAP |
| 005 - DATE AND TIME OF LATEST TRANSACTION |
| control field |
20200225103345.0 |
| 008 - FIXED-LENGTH DATA ELEMENTS--GENERAL INFORMATION |
| fixed length control field |
200224s1994 enka|||| |||| 00| 0 eng d |
| 020 ## - INTERNATIONAL STANDARD BOOK NUMBER |
| International Standard Book Number |
0520205286 |
| 040 ## - CATALOGING SOURCE |
| Original cataloging agency |
BD-DhUAP |
| Language of cataloging |
Eng |
| Transcribing agency |
BD-DhUAP |
| Modifying agency |
BD-DhUAP |
| 082 ## - DEWEY DECIMAL CLASSIFICATION NUMBER |
| Edition number |
23 |
| Classification number |
711.4 STR |
| 245 ## - TITLE STATEMENT |
| Title |
Streets : |
| Remainder of title |
critical perspectives on public space / |
| Statement of responsibility, etc. |
Edited by Zeynep Çelik, Diane G Favro and Richard Ingersoll. |
| 260 ## - PUBLICATION, DISTRIBUTION, ETC. |
| Place of publication, distribution, etc. |
London : |
| Name of publisher, distributor, etc. |
Berkeley University of California Press, |
| Date of publication, distribution, etc. |
1994. |
| 300 ## - PHYSICAL DESCRIPTION |
| Extent |
vii, 294 pages : |
| Other physical details |
illustrations ; |
| Dimensions |
25 cm. |
| 650 ## - SUBJECT ADDED ENTRY--TOPICAL TERM |
| Topical term or geographic name entry element |
Street photography. |
| 700 ## - ADDED ENTRY--PERSONAL NAME |
| Personal name |
Celik, Zeynep. |
| 700 ## - ADDED ENTRY--PERSONAL NAME |
| Personal name |
Favro, Diane. |
| 700 ## - ADDED ENTRY--PERSONAL NAME |
| Personal name |
Ingersoll, Richard. |
| 942 ## - ADDED ENTRY ELEMENTS (KOHA) |
| Source of classification or shelving scheme |
|
| Koha item type |
Book |